000 00363nam a2200121 4500
999 _c8518
_d8518
008 180209b xxu||||| |||| 00| 0 eng d
100 _926297
_aSantos, Tina G.
245 _aNurses slam new law on license renewal/
_cTina G. Santos.
260 _aPhilippines:
_bPhilippine Daily Inquirer,
_cc2017.
300 _apage B2-1.
650 0 _937106
_aLaw.
942 _2ddc
_cPER